000 00638nam a2200241 a 4500
001 14300
003 BD-JhCC
005 20250302120851.0
008 250302b19962018e a|||| ||a| 001 0 eng d
020 _a9780241337622
035 _a(BD-JhCC)14300
040 _aBD-JhCC
_dBD-JhCC
041 _aenglish
082 _a821
_bGIN 2018
100 _a Ginsberg,Allen
245 _aTelevision Was a Baby Crawling Toward That Deathchamber /
_cAllen Ginsberg .
260 _aNew York:
_bPenguin Books;
_c2018.
300 _a54 p. :
_c16 cm.
490 _aPenguin Modern: 02
650 _aEnglish poetry
942 _2ddc
_cBK
999 _c14300
_d14300